Statistics for Survivor 44 Cast

Click here to take the quiz!

General Stats

  • This quiz has been taken 33 times
  • The average score is 16 of 18

Answer Stats

HintAnswer% Correct
SokaMatt
100%
RatuMatthew
100%
TikaCarolyn
96%
TikaCarson
96%
SokaDanny
96%
RatuKane
96%
TikaYam Yam
96%
TikaBruce
92%
SokaFrannie
88%
SokaHeidi
84%
SokaJosh
84%
RatuLauren
84%
TikaSarah
84%
RatuBrandon
80%
RatuJamie
76%
TikaHelen
72%
RatuMaddy
68%
SokaClaire
64%

Score Distribution

Percentile by Number Answered

Percent of People with Each Score

Your Score History

You have not taken this quiz